By Bicycle from Germany to India (Record no. 10430)

MARC details
000 -LEADER
fixed length control field 00601nam a2200241 a 4500
020 ## - INTERNATIONAL STANDARD BOOK NUMBER
ISBN 8172142
082 00 - DEWEY DECIMAL CLASSIFICATION NUMBER
Classification number 915.404053
Author Cutter POH
100 ## - MAIN ENTRY--AUTHOR NAME
Author name Pohl, Fred-Rederich
245 ## - TITLE STATEMENT
Title By Bicycle from Germany to India
260 ## - PUBLICATION, DISTRIBUTION, ETC. (IMPRINT)
Place of publication Delhi
Name of publisher ISPCK
Year of publication 1996
300 ## - PHYSICAL DESCRIPTION
Number of Pages 77p
500 ## - GENERAL NOTE
General note includes index and biblioraphy
505 2# - FORMATTED CONTENTS NOTE
Formatted contents note 7
650 ## - SUBJECT ADDED ENTRY--TOPICAL TERM
Topical Term India-Travel and Description
942 ## - ADDED ENTRY ELEMENTS (KOHA)
Koha item type Books
700 1# -
-- Pohl, Fred-Rederich
Holdings
Collection code Home library Current library Date acquired Cost, normal purchase price Full call number Accession Number Koha item type
  Henry Martyn Institute Library Henry Martyn Institute Library 09/29/2009 20.00 915.404053 POH 017059 Books
                   Copyright © 2026 | Henry Martyn Institute | Hyderabad | TS-500052 | INDIA | Implemented by hmi.edu.in
Hit-Count:

Powered by Koha